• 首页
  • 本馆介绍
  • 公告通知
  • 最新文献
  • 馆藏检索
  • 电子资源
  • 读者导购
  • 参考咨询
  • 我的图书馆
  • 登录
  • 详细信息显示
  • 放入我的书架
  • 预约/预借图书
  • 作者相关作品
  • 分类相关作品
  • 丛书相关作品
  • 出版社相关作品

书目信息

  • 表格格式
  • 工作单格式
  • 卡片格式
题名:
韩非子
    
 
作者: 韩非 著
分册:  
出版信息: 北京   蓝天出版社  1998
页数: 171页
开本: 19cm
丛书名: 传世名著百部
单 册:
中图分类: B226.55 , Z227
科图分类:
主题词: 法家 , 百科全书--中国
电子资源:
ISBN: 7-80081-834-9
000 00710oam2 2200277 450
001 1551254188
005 20151110134012.80
010    @a7-80081-834-9@dCNY15.60
100    @a20021005d1998 emky0chiy0110 ea
101 0  @achi
102    @aCN@b110000
105    @ay z 000yy
200 1  @a韩非子@9han fei zi@f(战国)韩非著
210    @a北京@c蓝天出版社@d1998
215    @a171页@d19cm
225 2  @a传世名著百部@v23@i诸子百家
300    @a又名:韩子
461  0 @12001 @a传世名著百部
605    @a《韩非子》@x介绍
606 0  @a法家
606 0  @a百科全书@x中国
690    @aB226.55@v5
690    @aZ227@v4
701  0 @a韩非@9han fei@4著
801  0 @aCN@bTSSF@c20150117
905    @aZUCC@dZ227@eJY6:23
    
    韩非子/(战国)韩非著.-北京:蓝天出版社,1998
    171页;19cm.-(传世名著百部;23.诸子百家)
    又名:韩子
    
    ISBN 7-80081-834-9:CNY15.60
    
●
相关链接 在E读中查询图书 在五车中查询图书 在当当中查询图书 在豆瓣中查询图书


正题名:韩非子     索取号:Z227/JY6:23         预约/预借

序号 登录号 条形码 馆藏地/架位号 状态 备注
1 7852888   278528880   学院路分馆/ [索取号:Z227/JY6:23] 在馆    
2 7852889   278528899   学院路分馆/ [索取号:Z227/JY6:23] 在馆    
3 7852958   278529585   学院路分馆/ [索取号:Z227/JY6:23] 在馆    
唐山师范学院图书馆 欢迎您!
大连网信软件有限公司© 版权所有